| 000 | 00000nam 2200000zi 4500 |
| 001 | 9.896177 |
| 003 | CaOODSP |
| 005 | 20230822105430 |
| 006 | m o d f |
| 007 | cr |n||||||||| |
| 008 | 210204t20212021onc ob f|0| 0 eng d |
| 040 | |aCaOODSP|beng|erda|cCaOODSP |
| 043 | |an-cn-bc |
| 086 | 1 |aFs70-5/2020-064E-PDF |
| 100 | 1 |aGarver, K. (Kyle), |eauthor. |
| 245 | 10|aCharacterization of viral haemorrhagic septicaemia virus (VHSV) to inform pathogen transfer risk assessments in British Columbia / |cK.A. Garver and L.M. Hawley. |
| 264 | 1|aOttawa ON : |bCanadian Science Advisory Secretariat (CSAS), |c2021. |
| 264 | 4|c©2021 |
| 300 | |a1 online resource (v, 24 pages) |
| 336 | |atext|btxt|2rdacontent |
| 337 | |acomputer|bc|2rdamedia |
| 338 | |aonline resource|bcr|2rdacarrier |
| 490 | 1 |aResearch document,|x1919-5044 ; |v2020/064 |
| 500 | |aIssued also in French under title: Caractérisation du virus de la septicémie hémorragique virale (vSHV) pour informer les évaluations des risques de transfert d'agents pathogènes en Colombie-Britannique. |
| 500 | |a"January 2021." |
| 504 | |aIncludes bibliographical references (pages 19-24). |
| 650 | 0|aSalmon|xVirus diseases|xRisk Assessment|zBritish Columbia. |
| 650 | 0|aSalmon farming|xEnvironmental aspects|zBritish Columbia. |
| 710 | 2 |aCanadian Science Advisory Secretariat, |eissuing body. |
| 710 | 1 |aCanada. |bDepartment of Fisheries and Oceans. |bNational Capital Region, |eissuing body. |
| 775 | 08|tCaractérisation du virus de la septicémie hémorragique virale (vSHV) pour informer les évaluations des risques de transfert d'agents pathogènes en Colombie-Britannique / |w(CaOODSP)9.896195 |
| 830 | #0|aResearch document (Canadian Science Advisory Secretariat)|v2020/064.|w(CaOODSP)9.507396 |
| 856 | 40|qPDF|s959 KB|uhttps://publications.gc.ca/collections/collection_2021/mpo-dfo/fs70-5/Fs70-5-2020-064-eng.pdf |